Witness to blunder (Record no. 569734)
[ view plain ]
| 000 -LEADER | |
|---|---|
| fixed length control field | 00416nam a22001697a 4500 |
| 003 - CONTROL NUMBER IDENTIFIER | |
| control field | CEME |
| 005 - DATE AND TIME OF LATEST TRANSACTION | |
| control field | 20210628202425.0 |
| 008 - FIXED-LENGTH DATA ELEMENTS--GENERAL INFORMATION | |
| fixed length control field | 210105b xxu||||| |||| 00| 0 eng d |
| 020 ## - INTERNATIONAL STANDARD BOOK NUMBER | |
| International Standard Book Number | 920000034259 |
| 040 ## - CATALOGING SOURCE | |
| Transcribing agency | ceme |
| 082 ## - DEWEY DECIMAL CLASSIFICATION NUMBER | |
| Classification number | 891.4397 ASH |
| 100 ## - MAIN ENTRY--PERSONAL NAME | |
| Personal name | Col (R) Ashfaq Hussain |
| 9 (RLIN) | 24090 |
| 245 ## - TITLE STATEMENT | |
| Title | Witness to blunder |
| 260 ## - PUBLICATION, DISTRIBUTION, ETC. | |
| Place of publication, distribution, etc. | LAHORE |
| Name of publisher, distributor, etc. | IDARA-E-MATBOOT SULEMANI |
| Date of publication, distribution, etc. | 2010 |
| 300 ## - PHYSICAL DESCRIPTION | |
| Extent | 256P |
| 942 ## - ADDED ENTRY ELEMENTS (KOHA) | |
| Koha item type | Book |
| Source of classification or shelving scheme | |
| Withdrawn status | Lost status | Source of classification or shelving scheme | Damaged status | Not for loan | Permanent Location | Current Location | Shelving location | Date acquired | Shelving control number | Total Checkouts | Full call number | Barcode | Checked out | Date last seen | Date last checked out | Price effective from | Koha item type | Public note |
|---|---|---|---|---|---|---|---|---|---|---|---|---|---|---|---|---|---|---|
| College of Electrical & Mechanical Engineering (CEME) | College of Electrical & Mechanical Engineering (CEME) | Fiction | 03/17/2017 | Urdu Literature | 1 | 891.4397 ASH | CEME-46397 | 02/19/2026 | 01/20/2026 | 01/20/2026 | 06/28/2021 | Book | 1.0 | |||||
| College of Electrical & Mechanical Engineering (CEME) | College of Electrical & Mechanical Engineering (CEME) | Fiction | 03/17/2017 | Urdu Literature | 1 | 891.4397 ASH | CEME-46398 | 06/28/2021 | 06/28/2021 | Book | 1.0 | |||||||
| College of Electrical & Mechanical Engineering (CEME) | College of Electrical & Mechanical Engineering (CEME) | Fiction | 03/17/2017 | Urdu Literature | 891.4397 ASH | CEME-46399 | 06/28/2021 | 06/28/2021 | Book | 1.0 | ||||||||
| College of Electrical & Mechanical Engineering (CEME) | College of Electrical & Mechanical Engineering (CEME) | Fiction | 03/17/2017 | Urdu Literature | 1 | 891.4397 ASH | CEME-46400 | 02/19/2026 | 01/20/2026 | 01/20/2026 | 06/28/2021 | Book | 1.0 | |||||
| College of Electrical & Mechanical Engineering (CEME) | College of Electrical & Mechanical Engineering (CEME) | Fiction | 03/17/2017 | Urdu Literature | 891.4397 ASH | CEME-46401 | 06/28/2021 | 06/28/2021 | Book | 1.0 |
